| 000 | 00768nam a2200121Ia 4500 | ||
|---|---|---|---|
| 008 | 220615s9999||||xx |||||||||||||| ||und|| | ||
| 100 | _aMeroni, Anna||Selloni, Daniela||Rossi, Martina | ||
| 245 | 0 |
_aMassive Codesign _bA Proposal for a Collaborative Design Framework |
|
| 546 | _aEnglish[eng] | ||
| 650 | _aantropology||cimulact||etnography||design||spread||codesign||antropology||cimulact||etnography||design||spread||codesign||Case study||Co-creation||Ethnography||Milan||Polytechnic University of Milan||Service design||Sustainability | ||
| 856 | _uhttps://library.oapen.org/bitstream/20.500.12657/29995/1/650291.pdf||https://library.oapen.org/bitstream/20.500.12657/29995/1/650291.pdf||https://library.oapen.org/bitstream/20.500.12657/29995/1/650291.pdf | ||
| 942 | _cEB | ||
| 999 |
_c9572 _d9572 |
||